000 00791nam a2200205 i 4500
001 49476
003 ES-MaACL
005 20251002204010.0
007 t|
008 030716s1948 sp ||||1| spa d
100 1 _aCossío, José María de,
_d1893-1977
_941017
245 1 0 _aLope
_b: personaje de sus comedias : discurso leído el día 6 de junio de 1948 en su recepción pública /
_cpor José María de Cossío y contestación de Emilio García Gómez.
260 _aMadrid :
_bEspasa-Calpe,
_c1948.
300 _a100 p. ;
_c23 cm.
594 _aPrecede al tít.: Real Academia Española.
600 1 4 _aVega, Lope de,
_d1562-1635
_9113563
700 1 _aGarcía Gómez, Emilio,
_d1905-1995
_954690
852 _aES-MaACL
_jK-157-9
_z.- Enc. en un vol. facticio
999 _c49476
_d49476